| 000 | 00596nam a2200241Ia 4500 | ||
|---|---|---|---|
| 008 | 160803s9999 xx 000 0 und d | ||
| 020 | _a9780545060929 | ||
| 100 | _aBrooks, Kevin | ||
| 245 | _aDawn / | ||
| 245 | _cKevin Brooks. | ||
| 260 | _aNew York : | ||
| 260 | _bScholastic Inc. | ||
| 260 | _c2009 | ||
| 300 | _a250, [16] pages ; | ||
| 300 | _c18 cm | ||
| 650 | _aChild sexual abuse -- | ||
| 650 | _aChildren of drug addicts -- | ||
| 650 | _aTeenagers -- | ||
| 650 | _xJuvenile fiction. | ||
| 650 | _xJuvenile fiction. | ||
| 650 | _xJuvenile fiction. | ||
| 700 | _a830 | ||
| 999 |
_c299791 _d299791 |
||